Das Emanzipationsedikt von 1812 in Preußen : (Titelsatznr. 25415)
[ MARC ]
| 000 -Satzkennung | |
|---|---|
| Kontrollfeld mit fester Länge | 00907nam a22002531c 4500 |
| 001 - Kontrollnummer | |
| Kontrollfeld | ht017630397 |
| 003 - Kontrollnummer Identifier | |
| Kontrollfeld | RU-10907106 |
| 005 - Datum und Zeit der letzten Transaktion | |
| Kontrollfeld | 20230915211815.0 |
| 008 - Feld mit fester Länge zur physischen Beschreibung - Allgemeine Angaben | |
| Kontrollfeld mit fester Länge | 131111s2013 gw |||| 000u ger d |
| 020 ## - Internationale Standardbuchnummer | |
| Internationale Standardbuchnummer | 9783110319309 |
| Verknüpfung | 978-3-11-031930-9 |
| 040 ## - Katalogisierungsquelle | |
| Übertragungsstelle | RU-10907106 |
| 100 1# - Haupteintragung - Personenname | |
| Personenname | Diekmann, Irene |
| Koha-Normdatenidentnummer | 26866 |
| 245 04 - Titel | |
| Titel | Das Emanzipationsedikt von 1812 in Preußen : |
| Zusatz zum Titel | der lange Weg der Juden zu "Einländern" und "preußischen Staatsbürgern" / |
| Verfasserangabe etc. | hrsg. von Irene Diekmann |
| 264 ## - Produktion, Veröffentlichung, Distribution, Herstellung und Urheberrechtsvermerk | |
| Herstellungs-, Veröffentlichungs- Vertriebs-, Erzeugungsort | Berlin : |
| Produzent, Herausgeber, Distributor, Hersteller | De Gruyter, |
| Datum der Herstellung, der Veröffentlichung, des Vertriebs oder des Urheberschutzvermerks | 2013 |
| 300 ## - Physische Beschreibung | |
| Umfang | 320 S. |
| 490 #0 - Gesamttitelangabe | |
| Gesamttitelangabe | Europäisch-jüdische Studien : Beiträge |
| Bandnummer/Folgebezeichnung | 15 |
| 650 #0 - Nebeneintragung unter einem Schlagwort - Sachschlagwort | |
| Sachschlagwort oder geografischer Name als Eintragungselement | Preußen |
| Koha-Normdatenidentnummer | 13238 |
| 650 #0 - Nebeneintragung unter einem Schlagwort - Sachschlagwort | |
| Sachschlagwort oder geografischer Name als Eintragungselement | Judenemanzipation |
| Koha-Normdatenidentnummer | 12267 |
| 650 #0 - Nebeneintragung unter einem Schlagwort - Sachschlagwort | |
| Sachschlagwort oder geografischer Name als Eintragungselement | Geschichte 1812 |
| Koha-Normdatenidentnummer | 26867 |
| 650 #0 - Nebeneintragung unter einem Schlagwort - Sachschlagwort | |
| Sachschlagwort oder geografischer Name als Eintragungselement | Kongress |
| Koha-Normdatenidentnummer | 8685 |
| 650 #0 - Nebeneintragung unter einem Schlagwort - Sachschlagwort | |
| Sachschlagwort oder geografischer Name als Eintragungselement | Potsdam <2012> |
| Koha-Normdatenidentnummer | 26868 |
| 776 08 - Andere physische Form | |
| Verweisungsphrase | Erscheint auch als |
| Fußnote | Online-Ausgabe |
| Titel | Das Emanzipationsedikt von 1812 in Preußen |
| Datensatzkontrollnummer | 1832355039 |
| 942 ## - Zusätzliche Felder (Koha) | |
| Koha-Medientyp | Monographien |
| Klassifikation oder Aufstellungssystematik | Andere/Generische Klassifikation |
| Ausgeschieden | Verloren | Klassifikation oder Aufstellungssystematik | Beschädigt | Nicht entleihbar | Heimatbibliothek | Aufenthaltsbibliothek | Aufstellungsort | Erwerbungsdatum | Inventarnummer | Signatur | Barcode | Letzte Aktivität | Preis gültig von | Koha-Medientyp |
|---|---|---|---|---|---|---|---|---|---|---|---|---|---|---|
| Andere/Generische Klassifikation | MWN Osteuropa | MWN Osteuropa | Lesesaal - 1 | 11/11/2013 | 14-00920 | D 41 o Juden 2 | E0040150790EA3B5 | 07/05/2014 | 22/03/2021 | Monographien |